| 000 | 00665nam a2200193 i 4500 | ||
|---|---|---|---|
| 001 | 109885 | ||
| 003 | ES-MaACL | ||
| 005 | 20230906184932.0 | ||
| 007 | t| | ||
| 008 | 061121s1909 sp r ||||1| spa d | ||
| 100 | 1 |
_aOnís, Federico de, _d1885-1966 _987087 |
|
| 245 | 1 | 0 |
_aContribución al estudio del dialecto leonés _b: examen filológico de algunos documentos de la cátedral de Salamanca / _cFederico de Onís. |
| 260 |
_aSalamanca : _b[s.n.], _c1909 ( _fImp. de F. Núñez Izquierdo) |
||
| 300 |
_a93 p. ; _c21 cm. |
||
| 502 | _aTesis doctoral. | ||
| 650 | 4 |
_aDialecto leonés. _9163592 |
|
| 852 |
_aES-MaACL _jT-1200-F-4 |
||
| 999 |
_c109885 _d109885 |
||